| 000 | 02191nam a2200481 a 4500 | ||
|---|---|---|---|
| 001 | ebr10534401 | ||
| 003 | CaPaEBR | ||
| 006 | m u | ||
| 007 | cr cn||||||||| | ||
| 008 | 110602s2012 tnuab sb 001 0aeng d | ||
| 010 | _z 2011021570 | ||
| 020 | _z9781572338227 (hardcover) | ||
| 020 | _z1572338229 (hardcover) | ||
| 020 | _z9781572338302 (e-book) | ||
| 040 |
_aCaPaEBR _cCaPaEBR |
||
| 035 | _a(OCoLC)785783190 | ||
| 043 |
_an-us--- _an-us-va _an------ _as------ |
||
| 050 | 1 | 4 |
_aE581.5 1st _b.D67 2012eb |
| 082 | 0 | 4 |
_a973.7/82 _223 |
| 100 | 1 |
_aDooley, John, _d1842-1873. |
|
| 245 | 1 | 0 |
_aJohn Dooley's Civil War _h[electronic resource] : _ban Irish American's journey in the First Virginia Infantry Regiment / _cedited by Robert Emmett Curran. |
| 250 | _a1st ed. | ||
| 260 |
_aKnoxville : _bUniversity of Tennessee Press, _cc2012. |
||
| 300 |
_axxxi, 516 p. : _bill., map. |
||
| 490 | 1 | _aVoices of the Civil War | |
| 504 | _aIncludes bibliographical references and index. | ||
| 505 | 0 | _apt. 1. Secession -- pt. 2. War -- pt. 3. Reconstruction. | |
| 533 |
_aElectronic reproduction. _bPalo Alto, Calif. : _cebrary, _d2013. _nAvailable via World Wide Web. _nAccess may be limited to ebrary affiliated libraries. |
||
| 600 | 1 | 0 |
_aDooley, John, _d1842-1873. |
| 610 | 1 | 0 |
_aConfederate States of America. _bArmy. _bVirginia Infantry Regiment, 1st. |
| 610 | 2 | 0 |
_aJohnson Island Prison _vBiography. |
| 650 | 0 |
_aSoldiers _zConfederate States of America _vBiography. |
|
| 650 | 0 |
_aIrish American soldiers _zConfederate States of America _vBiography. |
|
| 650 | 0 |
_aPrisoners of war _zOhio _zJohnson Island _vBiography. |
|
| 651 | 0 |
_aUnited States _xHistory _yCivil War, 1861-1865 _vPersonal narratives, Confederate. |
|
| 651 | 0 |
_aVirginia _xHistory _yCivil War, 1861-1865 _vPersonal narratives, Confederate. |
|
| 651 | 0 |
_aUnited States _xHistory _yCivil War, 1861-1865 _xPrisoners and prisons. |
|
| 655 | 7 |
_aElectronic books. _2local |
|
| 700 | 1 | _aCurran, Robert Emmett. | |
| 710 | 2 | _aebrary, Inc. | |
| 830 | 0 | _aVoices of the Civil War. | |
| 856 | 4 | 0 |
_uhttp://site.ebrary.com/lib/rucke/Doc?id=10534401 _zAn electronic book accessible through the World Wide Web; click to view |
| 999 |
_c235866 _d235866 |
||